[Event "Cup of Lviv-2017 (A) Bank Lviv - open"]
[Site "Lviv"]
[Date "2017.05.09"]
[Round "13.10"]
[White "Budnikov, Oleg"]
[Black "Bortnyk, Mykola"]
[Result "1/2-1/2"]
[WhiteElo "2446"]
[BlackElo "2543"]
[PlyCount "300"]
[EventDate "2017.05.08"]
[EventType "swiss (rapid)"]
[EventRounds "13"]
[EventCountry "UKR"]

1. Nf3 Nf6 2. c4 c5 3. g3 b6 4. Bg2 Bb7 5. O-O g6 6. Nc3 Bg7 7. d4 cxd4 8. Qxd4
Nc6 9. Qf4 Qb8 10. Rd1 Qxf4 11. Bxf4 Na5 12. Nb5 O-O 13. Rac1 a6 14. Nbd4 Rac8
15. b3 d6 16. Bd2 Rc7 17. Nc2 Ne4 18. Be3 Nc6 19. Bxb6 Rcc8 20. Ncd4 Nb4 21.
Ba5 Nc6 22. Nxc6 Bxc6 23. Nd2 f5 24. Nxe4 fxe4 25. Bc3 Bh6 26. Bd2 Bg7 27. Bg5
Rc7 28. Bh3 a5 29. Bf4 Rb7 30. c5 dxc5 31. Rxc5 Bb5 32. Be6+ Kh8 33. Bd5 Bxe2
34. Rd2 Rb5 35. Rxb5 Bxb5 36. Bxe4 a4 37. bxa4 Bxa4 38. Kg2 Rc8 39. Bb7 Re8 40.
Re2 e5 41. Be3 Bf6 42. Be4 Rb8 43. Rd2 Rb4 44. f3 Rc4 45. h4 Rc3 46. Bg5 Kg7
47. Rb2 Bxg5 48. hxg5 Ra3 49. Rb7+ Kf8 50. Rxh7 Rxa2+ 51. Kh3 Be8 52. Rb7 Ra6
53. Rc7 Rd6 54. Rc5 Re6 55. Kg2 Ke7 56. Rc7+ Bd7 57. Ra7 Rb6 58. Kf2 Rb2+ 59.
Ke3 Rb3+ 60. Kd2 Rb6 61. Kc3 Rd6 62. Ra5 Ke6 63. Bxg6 Bc6 64. f4 exf4 65. gxf4
Rd1 66. Re5+ Kd6 67. Bd3 Rg1 68. g6 Rg4 69. Ra5 Rxf4 70. Rg5 Bd5 71. g7 Bg8 72.
Kd2 Ke7 73. Ke3 Rb4 74. Be4 Kf6 75. Rg6+ Kf7 76. Rg1 Kf6 77. Kf4 Bh7 78. g8=Q
Rxe4+ 79. Kf3 Bxg8 80. Kxe4 Bh7+ 81. Kf4 Bg6 82. Ra1 Bd3 83. Rd1 Bc4 84. Rd6+
Kg7 85. Kg5 Kf7 86. Kf5 Kg7 87. Rd4 Bb3 88. Rd7+ Kh8 89. Kg6 Bc4 90. Rd8+ Bg8
91. Rd2 Bh7+ 92. Kf7 Bg8+ 93. Kf8 Bh7 94. Rd8 Bg6 95. Rd2 Bh7 96. Rg2 Be4 97.
Rh2+ Bh7 98. Re2 Bd3 99. Re3 Bh7 100. Kf7 Bg8+ 101. Kf6 Bh7 102. Rh3 Kg8 103.
Rb3 Kh8 104. Rb7 Bg8 105. Kg6 Bc4 106. Rh7+ Kg8 107. Rc7 Bd3+ 108. Kf6 Kh8 109.
Rc8+ Kh7 110. Rc3 Bb1 111. Rh3+ Kg8 112. Rh2 Bd3 113. Rg2+ Kh8 114. Kf7 Bc4+
115. Kf8 Kh7 116. Rh2+ Kg6 117. Ke7 Bd5 118. Kd6 Bc4 119. Ke5 Kg7 120. Rh4 Bd3
121. Ke6 Bc2 122. Rg4+ Kh8 123. Kf7 Bb3+ 124. Kf8 Kh7 125. Rg7+ Kh6 126. Rb7
Bc2 127. Rf7 Bb3 128. Rf3 Bd5 129. Rh3+ Kg6 130. Rg3+ Kf6 131. Rg1 Be6 132.
Rf1+ Bf5 133. Kg8 Kg6 134. Rf2 Kf6 135. Rb2 Be6+ 136. Kh7 Bf5+ 137. Kh6 Be6
138. Rf2+ Bf5 139. Kh5 Ke5 140. Kg5 Bd3 141. Rf8 Bc2 142. Re8+ Kd5 143. Kf6 Bb1
144. Re5+ Kd4 145. Ke6 Ba2+ 146. Kd6 Bb1 147. Rb5 Bd3 148. Rb4+ Bc4 149. Ra4
Kc3 150. Kc5 Bb3 1/2-1/2